Ремонт кузовов и крыльев автомобилей / (Record no. 445311)
[ view plain ]
| 000 -LEADER | |
|---|---|
| fixed length control field | 01413nam a2200253 a 4500 |
| 003 - CONTROL NUMBER IDENTIFIER | |
| control field | AM-YeHGA |
| 005 - DATE AND TIME OF LATEST TRANSACTION | |
| control field | 20250617160057.0 |
| 008 - FIXED-LENGTH DATA ELEMENTS--GENERAL INFORMATION | |
| fixed length control field | 190321s1960 ru ||||fr||||u000|0|rus|| |
| 040 ## - CATALOGING SOURCE | |
| Original cataloging agency | AM-YeHGA |
| 041 0# - LANGUAGE CODE | |
| Language code of text/sound track or separate title | rus |
| Language code of original | eng |
| 090 ## - LOCALLY ASSIGNED LC-TYPE CALL NUMBER (OCLC); LOCAL CALL NUMBER (RLIN) | |
| -- | 448157 |
| 100 1# - MAIN ENTRY--PERSONAL NAME | |
| Personal name | Вейл, Джон В. |
| 245 10 - TITLE STATEMENT | |
| Title | Ремонт кузовов и крыльев автомобилей / |
| Statement of responsibility, etc. | Джон В. Вейл; Пер. с англ. М. С. Коросташевского и Н. Е. Елизарьева ; Под ред.А. М. Каца |
| 260 ## - PUBLICATION, DISTRIBUTION, ETC. | |
| Place of publication, distribution, etc. | Москва : |
| Name of publisher, distributor, etc. | Автотрансиздат, |
| Date of publication, distribution, etc. | 1960. |
| 300 ## - PHYSICAL DESCRIPTION | |
| Extent | 152 с. |
| 650 14 - SUBJECT ADDED ENTRY--TOPICAL TERM | |
| Topical term or geographic name entry element | Автомобильные кузова - Ремонт |
| 700 1# - ADDED ENTRY--PERSONAL NAME | |
| Personal name | Коросташевский, М. С. |
| Relator term | пер. |
| Relationship | trl |
| 700 1# - ADDED ENTRY--PERSONAL NAME | |
| Personal name | Елизарьев, Н. Е. |
| Relator term | пер. |
| Relationship | trl |
| 700 1# - ADDED ENTRY--PERSONAL NAME | |
| Personal name | Кац, А. М. |
| Relator term | ред. |
| Relationship | edt |
| 710 2# - ADDED ENTRY--CORPORATE NAME | |
| Corporate name or jurisdiction name as entry element | Международная федерация по автоматическому управлению. |
| 710 2# - ADDED ENTRY--CORPORATE NAME | |
| Corporate name or jurisdiction name as entry element | Первый международный конгресс ИФАК по автоматическому управлению. |
| 773 18 - HOST ITEM ENTRY | |
| Control subfield | c2am |
| Related parts | 194 |
| Main entry heading | Международная федерация по автоматическому управлению. Конгресс (1; 1960; Москва) |
| Title | [Доклады] [Текст] |
| Place, publisher, and date of publication | Москва : Акад. наук СССР, 1960 |
| Physical description | 25 т.; 26 см |
| Record control number | 005604913 |
| 942 ## - ADDED ENTRY ELEMENTS (KOHA) | |
| Source of classification or shelving scheme | Universal Decimal Classification |
| Koha item type | Գրքեր / Books |
| Withdrawn status | Lost status | Source of classification or shelving scheme | Damaged status | Not for loan | Collection | Home library | Current library | Date acquired | Total checkouts | Full call number | Barcode | Date last seen | Price effective from | Koha item type | Public note |
|---|---|---|---|---|---|---|---|---|---|---|---|---|---|---|---|
| Universal Decimal Classification | General | Fundamental Scientific Library | Fundamental Scientific Library | 10/01/2020 | РII/30238 | FL0616568 | 10/01/2020 | 10/01/2020 | Գրքեր / Books | 30 Days Loan |
ՀՀ Գիտությունների ազգային ակադեմիայի հիմնարար գիտական գրադարան = Fundamental Scientific Library of NAS RA
All site content, except where otherwise noted, is licensed under a